<?xml version="1.0" encoding="UTF-8"?>
<collection xmlns="http://www.loc.gov/MARC21/slim">
 <record>
  <leader>02200nam a22002537a 4500</leader>
  <controlfield tag="001">NCT_4_012414</controlfield>
  <controlfield tag="008">240913b        xxu||||| |||| 00| 0 vie d</controlfield>
  <datafield tag="999" ind1=" " ind2=" ">
   <subfield code="c">8585</subfield>
   <subfield code="d">8585</subfield>
  </datafield>
  <datafield tag="020" ind1=" " ind2=" ">
   <subfield code="a">9786047617142</subfield>
   <subfield code="c">138000</subfield>
  </datafield>
  <datafield tag="082" ind1="0" ind2="4">
   <subfield code="2">23rd ed.</subfield>
   <subfield code="a">610.73068</subfield>
   <subfield code="b">M506</subfield>
  </datafield>
  <datafield tag="100" ind1="1" ind2=" ">
   <subfield code="a">Phạm Đức Mục</subfield>
  </datafield>
  <datafield tag="245" ind1="1" ind2="0">
   <subfield code="a">Tài liệu đào tạo quản lý điểu dưỡng</subfield>
   <subfield code="b">: Modul 1 Chính sách y tế và tổ chức điều dưỡng</subfield>
   <subfield code="c">Phạm Đức Mục</subfield>
  </datafield>
  <datafield tag="260" ind1=" " ind2=" ">
   <subfield code="a">H.</subfield>
   <subfield code="b">Giao Thông Vận Tải</subfield>
   <subfield code="c">2018</subfield>
  </datafield>
  <datafield tag="300" ind1=" " ind2=" ">
   <subfield code="a">212 tr.</subfield>
   <subfield code="c">27cm</subfield>
  </datafield>
  <datafield tag="500" ind1=" " ind2=" ">
   <subfield code="a">ĐTTS ghi: Hội điều dưỡng Việt Nam - Trung Tâm tư vấn và dịch vụ điều dưỡng hỗ trợ cộng đồng</subfield>
  </datafield>
  <datafield tag="520" ind1="3" ind2=" ">
   <subfield code="a">Tài liệu cung cấp kiến thức về quản lý chất lượng và an toàn người bệnh. Bao gồm các nội dung như quy trình điều dưỡng, tổng quan về chất lượng chăm sóc y tế, chất lượng chăm sóc người bệnh, các tiêu chuẩn chăm sóc người bệnh, các phương pháp đo lường chất lượng chăm sóc người bệnh, phòng ngừa sự cố y khoa, an toàn trong tiêm tuyền và phân cấp chăm sóc.</subfield>
  </datafield>
  <datafield tag="653" ind1=" " ind2=" ">
   <subfield code="a">Điều dưỡng</subfield>
  </datafield>
  <datafield tag="942" ind1=" " ind2=" ">
   <subfield code="2">ddc</subfield>
   <subfield code="c">BK</subfield>
  </datafield>
  <datafield tag="952" ind1=" " ind2=" ">
   <subfield code="0">0</subfield>
   <subfield code="1">0</subfield>
   <subfield code="2">ddc</subfield>
   <subfield code="4">0</subfield>
   <subfield code="6">610_730680000000000_M506</subfield>
   <subfield code="7">0</subfield>
   <subfield code="9">29451</subfield>
   <subfield code="a">000001</subfield>
   <subfield code="b">000001</subfield>
   <subfield code="d">2024-09-14</subfield>
   <subfield code="o">610.73068 M506</subfield>
   <subfield code="p">MD.22699</subfield>
   <subfield code="r">2024-09-14</subfield>
   <subfield code="v">138000.00</subfield>
   <subfield code="w">2024-09-14</subfield>
   <subfield code="y">BK</subfield>
  </datafield>
  <datafield tag="952" ind1=" " ind2=" ">
   <subfield code="0">0</subfield>
   <subfield code="1">0</subfield>
   <subfield code="2">ddc</subfield>
   <subfield code="4">0</subfield>
   <subfield code="6">610_730680000000000_M506</subfield>
   <subfield code="7">0</subfield>
   <subfield code="9">29452</subfield>
   <subfield code="a">000001</subfield>
   <subfield code="b">000001</subfield>
   <subfield code="d">2024-09-14</subfield>
   <subfield code="o">610.73068 M506</subfield>
   <subfield code="p">MD.22700</subfield>
   <subfield code="r">2024-09-14</subfield>
   <subfield code="v">138000.00</subfield>
   <subfield code="w">2024-09-14</subfield>
   <subfield code="y">BK</subfield>
  </datafield>
  <datafield tag="952" ind1=" " ind2=" ">
   <subfield code="0">0</subfield>
   <subfield code="1">0</subfield>
   <subfield code="2">ddc</subfield>
   <subfield code="4">0</subfield>
   <subfield code="6">610_730680000000000_M506</subfield>
   <subfield code="7">0</subfield>
   <subfield code="9">29453</subfield>
   <subfield code="a">000001</subfield>
   <subfield code="b">000001</subfield>
   <subfield code="d">2024-09-14</subfield>
   <subfield code="o">610.73068 M506</subfield>
   <subfield code="p">MD.22761</subfield>
   <subfield code="r">2024-09-14</subfield>
   <subfield code="v">138000.00</subfield>
   <subfield code="w">2024-09-14</subfield>
   <subfield code="y">BK</subfield>
  </datafield>
  <datafield tag="952" ind1=" " ind2=" ">
   <subfield code="0">0</subfield>
   <subfield code="1">0</subfield>
   <subfield code="2">ddc</subfield>
   <subfield code="4">0</subfield>
   <subfield code="6">610_730680000000000_M506</subfield>
   <subfield code="7">0</subfield>
   <subfield code="9">29454</subfield>
   <subfield code="a">000001</subfield>
   <subfield code="b">000001</subfield>
   <subfield code="d">2024-09-14</subfield>
   <subfield code="o">610.73068 M506</subfield>
   <subfield code="p">MD.22762</subfield>
   <subfield code="r">2024-09-14</subfield>
   <subfield code="v">138000.00</subfield>
   <subfield code="w">2024-09-14</subfield>
   <subfield code="y">BK</subfield>
  </datafield>
  <datafield tag="952" ind1=" " ind2=" ">
   <subfield code="0">0</subfield>
   <subfield code="1">0</subfield>
   <subfield code="2">ddc</subfield>
   <subfield code="4">0</subfield>
   <subfield code="6">610_730680000000000_M506</subfield>
   <subfield code="7">0</subfield>
   <subfield code="9">29455</subfield>
   <subfield code="a">000001</subfield>
   <subfield code="b">000001</subfield>
   <subfield code="d">2024-09-14</subfield>
   <subfield code="o">610.73068 M506</subfield>
   <subfield code="p">MD.22763</subfield>
   <subfield code="r">2024-09-14</subfield>
   <subfield code="v">138000.00</subfield>
   <subfield code="w">2024-09-14</subfield>
   <subfield code="y">BK</subfield>
  </datafield>
  <datafield tag="980" ind1=" " ind2=" ">
   <subfield code="a">Thư viện Trường Đại học Nam Cần Thơ</subfield>
  </datafield>
 </record>
</collection>
